Statistics for Mexico multiple choice quiz

Click here to take the quiz!

General Stats

  • This quiz has been taken 862 times
  • The average score is 5 of 9

Answer Stats

QuestionAnswer% Correct
what is the official language of Mexico?Spanish
82%
which country borders Mexico?Usa
81%
Which oceans does Mexico borderPacific and Atlantic
70%
which continent is Mexico located on?North America
65%
which one of these was invented in Mexico?chewing gum
61%
How many states does Mexico have?32
55%
what was NOT invented in Mexico?telescope
47%
what is the official name of Mexico?the United Mexican States
44%
Which Treaty is Mexico part of?Orginazation of American States
38%

Score Distribution

Percentile by Number Answered

Percent of People with Each Score

Your Score History

You have not taken this quiz